Labour Laws (Record no. 343568)

000 -LEADER
fixed length control field 00356 a2200133 4500
082 ## - DEWEY DECIMAL CLASSIFICATION NUMBER
Classification number 344.01
090 ## - LOCALLY ASSIGNED LC-TYPE CALL NUMBER (OCLC); LOCAL CALL NUMBER (RLIN)
-- 1033
-- 1033
245 ## - TITLE STATEMENT
Title Labour Laws
Remainder of title The Workmen's Compensation Act,1923
Statement of responsibility, etc. Mian Asad Hakim.
260 ## - PUBLICATION, DISTRIBUTION, ETC.
Place of publication, distribution, etc. Lahore
Name of publisher, distributor, etc. Mansoor book house
Date of publication, distribution, etc. 1999
300 ## - PHYSICAL DESCRIPTION
Extent 428p
500 ## - GENERAL NOTE
General note Hard cover
600 ## - SUBJECT ADDED ENTRY--PERSONAL NAME
Personal name Hakim,Mian Asad.
942 ## - ADDED ENTRY ELEMENTS (KOHA)
Institution code [OBSOLETE] NBS
Koha item type Book
Call number prefix 344.01 HAK
Holdings
Withdrawn status Lost status Damaged status Not for loan Permanent Location Current Location Date acquired Total Checkouts Full call number Barcode Date last seen Date last checked out Price effective from Koha item type
        NUST Law School (NLS) NUST Law School (NLS) 08/28/2013 2 344.01 HAK NBS2587 02/16/2022 01/24/2022 08/28/2013 Book
© 2023 Central Library, National University of Sciences and Technology. All Rights Reserved.